Normal view
MARC view
- Operations research. /mathematics/Electronhcs
Entry Topical Term
001 - CONTROL NUMBER
- control field: 1289
003 - CONTROL NUMBER IDENTIFIER
- control field: JO-AjAnu
005 - DATE AND TIME OF LATEST TRANSACTION
- control field: 20230606070520.0
008 - FIXED-LENGTH DATA ELEMENTS
- fixed length control field: 230606|| aca||aabn | a|a d
040 ## - CATALOGING SOURCE
- Original cataloging agency: JO-AjAnu
- Transcribing agency: JO-AjAnu
150 ## - HEADING--TOPICAL TERM
- Topical term or geographic name entry element: Operations research. /mathematics/Electronhcs
670 ## - SOURCE DATA FOUND
- Source citation: Work cat.: (JO-AjAnu)678: Murthy, P. Rama. , author 1288, Operations research